[Event "USA-ch13 prel 09 corr"]
[Site "USA"]
[Date "1996.06.24"]
[Round "?"]
[White "Green, Wesley C"]
[Black "Hobbs, Raymond D"]
[Result "1-0"]
[WhiteElo "2133"]
[BlackElo "2066"]
[PlyCount "59"]
[EventDate "1996.??.??"]
[EventType "tourn (corr)"]
[EventRounds "14"]
[EventCountry "USA"]
[SourceTitle "Corr 2006"]
[Source "ChessBase"]
[SourceDate "2006.04.01"]
[SourceVersion "3"]
[SourceVersionDate "2006.04.01"]
[SourceQuality "1"]

1. e4 c5 2. Nc3 Nc6 3. g3 g6 4. Bg2 Bg7 5. d3 d6 6. f4 Rb8 7. Nf3 b5 8. 0-0 b4 9. Ne2 Qb6 10. h3 a5 11. Kh2 e6 12. Rb1 Nge7 13. b3 d5 14. Qe1 Ba6 15. exd5 exd5 16. f5 c4 17. fxg6 hxg6 18. Nf4 0-0 19. Ng5 Rbe8 20. Nxf7 Nd4 21. Ng5 Qd6 22. dxc4 dxc4 23. Rf2 c3 24. Be3 Be5 25. Rd1 Nef5 26. Ne4 Qc7 27. Bxd4 Nxd4 28. Nxg6 Nf5 29. Nxe5 Rxe5 30. Rf4 1-0